Metódy snímania a softvérové rozpoznávanie markantov prstov

Enregistré dans:
Détails bibliographiques
Auteur principal: Vaš, Peter (Auteur)
Autres auteurs: Hambalík, Alexander (Directeur de thèse)
Format: Manuscrit Livre
Langue:slovaque
Publié: 2015
Sujets:
Accès en ligne:http://is.stuba.sk/zp/portal_zp.pl?podrobnosti=88785
Tags: Ajouter un tag
Pas de tags, Soyez le premier à ajouter un tag!

MARC

LEADER 00000ntm a22000003a 4500
001 stuzp43425
003 SK-STU
005 20160719153036.7
007 ta
008 150427s2015----xo-----f-mn---000-0-slo-d
040 |a STU  |b slo 
041 0 |a slo 
100 1 |a Vaš, Peter  |u 035000  |4 aut  |U FEI Fakulta elektrotechniky a informatiky  |T FEI Ústav informatiky a matematiky  |X 8906  |U E050  |Y 816  |7 8906 
242 0 1 |a Methods of scanning and software recognition of fingerprint characteristics  |y eng 
245 1 0 |a Metódy snímania a softvérové rozpoznávanie markantov prstov 
260 |c 2015 
300 |a 43 s., príl.  |b DVD 
650 4 |a Markant  |2 slo 
650 4 |a OpenCV  |2 slo 
650 4 |a Odtlačok  |2 slo 
650 4 |a Minutiae  |2 eng 
650 4 |a OpenCV  |2 eng 
650 4 |a Fingerprint  |2 eng 
700 1 |a Hambalík, Alexander  |4 ths  |X 284  |7 A000000284 
856 4 |u http://is.stuba.sk/zp/portal_zp.pl?podrobnosti=88785 
996 |b 284ER01946  |c E*Bc- 1946  |l EE35  |s P  |a 0  |w stuzp43425_0001 
SQL |a stuzp43425  |b DBP  |c SLO  |d Metódy snímania a softvérové rozpoznávanie markantov prstov  |e 8906  |f Vaš, Peter  |g 035000  |h 284  |i Hambalík, Alexander  |j 20150706  |k 73  |l 03  |m http://is.stuba.sk/zp/portal_zp.pl?podrobnosti=88785  |n B-API  |o 9.2.9. aplikovaná informatika